| 000 | 00506nam a22001577a 4500 | ||
|---|---|---|---|
| 003 | OSt | ||
| 005 | 20260213080742.0 | ||
| 008 | 260213b |||||||| |||| 00| 0 eng d | ||
| 020 | _a9780544353879 | ||
| 040 | _cHoughton Mifflin Harcourt | ||
| 050 |
_aQA 152 .L37 2016 _b.L37 2016 |
||
| 245 |
_aALGEBRA 1/ _cTIMOTHY D. KANOLD _hvol 2. |
||
| 260 |
_bHoughton Mifflin Harcourt, _c2016. |
||
| 300 |
_a1043 pages, _bhardcover, ill.: col, includes bibliographic references and index, _c27.5 cm. |
||
| 942 |
_2lcc _cBK _n0 |
||
| 999 |
_c9965 _d9965 |
||